LEADER 01285cam a2200301 a 4500 001 991003087959707536 008 071204s2006 it 001 0bita 020 $a9788884983435 035 $ab13627491-39ule_inst 040 $aBiblioteca Interfacoltà$bita 041 $aita 082 04$a330.1 100 1 $aPapagna, Elena$0133616 245 10$aFilippo Briganti patrizio di Gallipoli :$bteoria e prassi del governo cittadino nel Settecento napoletano /$cElena Papagna ; con appendice di testi 260 $aRoma :$bEdizioni di Storia e Letteratura,$c2006 300 $a206 p. ;$c24 cm. 440 0$aBiblioteca del 18. secolo ;$v3 440 0$aSettecento italiano 504 $aCon bibliografia 600 14$aBriganti, Filippo Maria 700 1 $aBriganti, Filippo Maria.$tMemoria per lo primo ceto della città di Gallipoli 700 1 $aBriganti, Filippo Maria.$tSommario di ragioni del primo ceto de' Nobili Patrizi della Città di Gallipoli 907 $a.b13627491$b02-04-14$c04-12-07 912 $a991003087959707536 945 $aLE002 330.1 PAP$g1$i2002000746320$lle002$op$pE28.00$q-$rl$s- $t0$u6$v2$w6$x0$y.i14626512$z04-12-07 996 $aFilippo Briganti patrizio di Gallipoli$91073157 997 $aUNISALENTO 998 $ale002$b04-12-07$cm$da $e-$fita$git $h0$i0 LEADER 01845oam 22005895 450 001 9910779977003321 005 20200520144314.0 010 $a0-8213-9987-X 024 7 $a10.1596/978-0-8213-9986-6 035 $a(CKB)2550000001108409 035 $a(SSID)ssj0000950828 035 $a(PQKBManifestationID)12448099 035 $a(PQKBTitleCode)TC0000950828 035 $a(PQKBWorkID)10881633 035 $a(PQKB)10960677 035 $a(MiAaPQ)EBC1336653 035 $a(Au-PeEL)EBL1336653 035 $a(CaPaEBR)ebr10740786 035 $a(CaONFJC)MIL508759 035 $a(OCoLC)855505081 035 $a(The World Bank)17768748 035 $a(US-djbf)17768748 035 $a(EXLCZ)992550000001108409 100 $a20130607d2013 uy 0 101 0 $aeng 135 $aurcn||||||||| 181 $2rdacontent 182 $2rdamedia 183 $2rdacarrier 200 10$aSustaining trade reform $einstitutional lessons from Argentina and Peru /$fby Elias A. Baracat, J. Michael Finger, Raul Leon Thorne, and Julio J. Nogues 210 1$aWashington, DC :$cWorld Bank,$d[2013] 215 $a1 online resource (pages cm) 225 0 $aDirections in development 300 $aBibliographic Level Mode of Issuance: Monograph 311 $a0-8213-9986-1 311 $a1-299-77508-X 320 $aIncludes bibliographical references. 410 0$aWorld Bank e-Library. 607 $aArgentina$xCommercial policy 607 $aArgentina$xCommerce 607 $aPeru$xCommercial policy 607 $aPeru$xCommerce 676 $a382/.30982 700 $aBaracat$b Elias$01556744 701 $aBaracat$b Eli?as$01556744 712 02$aWorld Bank. 801 0$bDLC 801 1$bDLC 906 $aBOOK 912 $a9910779977003321 996 $aSustaining trade reform$93819658 997 $aUNINA